000 00523nam a2200205 a 4500
001 BRCA_6549
005 20190320205511.0
008 290911s1924----gw-#######---#000-0#ger-#
041 _ager
044 _agw
050 4 _aDP42
_b.K47 1924
100 1 _aKerr, Alfred.
_d1867-1948
_916342
245 1 0 _aO Spanien!
_bEine Reise
_cvon Alfred Kerr.
260 _aBerlín
_bS. Fischer
_c1924.
300 _a142 p.
_c22 cm.
500 _aL96
651 4 _aEspaña
_xDescripción y viajes
_97912
902 _aGFM
942 _2lcc
_cB
999 _c6233
_d6233